000 00255nam a2200097Ia 4500
001 988957
005 20250826221148.0
008 250824s9999 xx 000 0 und d
245 0 _aSHERLOCK HOLMES_MAVİ YAKUT
_cARTHUR CONAN DOYLE
260 _bDOKUZ YAYINCILIK
999 _c988957
_d988957